00365nam a2200121Ia 4500008004000000020001800040082001500058100002600073245007100099260003300170300001100203650002900214210210b2003 xxu||||| |||| 00| 0 eng d a81 7033 821 2 a361.3 REIS aREICHERT (Elisabeth). aSocialwork and Human rights: a foundation for policy and practice. aNDbRawat Publicationsc2003 axi,295 aSocial work Human rights